Flow of rubber in an internal mixer (Record no. 59476)
[ view plain ]
| 000 -LEADER | |
|---|---|
| fixed length control field | 01294nam a2200145Ia 4500 |
| 100 ## - MAIN ENTRY--AUTHOR NAME | |
| Personal name | Hamzah Ahmad Bin |
| 245 #0 - TITLE STATEMENT | |
| Title | Flow of rubber in an internal mixer |
| 260 ## - PUBLICATION, DISTRIBUTION, ETC. (IMPRINT) | |
| Name of publisher | Journal of Natural Rubber Research |
| Year of publication | 1987 |
| 300 ## - PHYSICAL DESCRIPTION | |
| Number of Pages | 55-65 |
| 520 ## - SUMMARY, ETC. | |
| Summary, etc | Visualisation studies of the dynamics of flow of rubber were undertaken using a laboratory-scale Banbury mixer with a transparent chamber. This technique was developed at the Institute of Polymer Technology, University of Technology, Loughborough under the guidance of Mr. P.K. Freakley. The method proved to ber very informative; the flow pattern could be recorded and its complexity identified. By measuring pressure and the rheologiccal properties of rubber, the stress distribution inside the mixing chamber could be calculated. From the flow patten and stress distribution, the modes of mixing inside the chamber could be identified as follows. Dispersive mixing occurs in the region at and immediately in front of the rotor tips while distributive mixing occurs at the S-shaped and bridge regions. There are also voids in the chamber where no mixing occurs, but the formation of these voids helps to enhance distributive mixing. |
| 650 ## - SUBJECT ADDED ENTRY--TOPICAL TERM | |
| Topical Term | Flow pattern |
| 650 ## - SUBJECT ADDED ENTRY--TOPICAL TERM | |
| Topical Term | Rubber |
| 942 ## - ADDED ENTRY ELEMENTS (KOHA) | |
| Koha item type | Journals |
| Withdrawn status | Lost status | Damaged status | Not for loan | Home library | Current library | Shelving location | Date acquired | Serial Enumeration / chronology | Koha item type |
|---|---|---|---|---|---|---|---|---|---|
| Journals | RRII Library | RRII Library | Agricultural economics | 17/12/2021 | Volume 2, Issue 1 | Journals |